Todos os jogadores do Plantel do Grêmio Foot-Ball Portoalegrense 2026 - Statistics

Estatísticas Gerais
  • Esse quiz foi jogado 49 vezes
  • A pontuação média é 27 de 33
Estatísticas das Respostas
Posição Número da Camisa Time % Correto
GOL 1 Weverton
100%
MC 29 Arthur Melo
97%
CA 95 Carlos Vinícius
97%
PE 9 Francis Amuzu
97%
ZAG 44 Viery
94%
LD 7 Cristian Pavón
91%
GOL 12 Gabriel Grando
91%
CA 22 Martin Braithwaite
91%
ZAG 3 Wagner Leonardo
91%
CA 77 André Henrique
88%
MEI 37 Gabriel Mec
88%
PD 99 José Enamorado
88%
LE 23 Marlon
88%
PD 21 Tetê
88%
ZAG 4 Walter Kannemann
88%
ZAG 13 Fabián Balbuena
85%
ZAG 53 Gustavo Martins
85%
VOL 20 Mathías Villasanti
85%
LE 38 Caio Paulista
82%
MC 5 Juan Nardoni
82%
LD 14 Marcos Rocha
82%
PE 10 Willian
82%
VOL 17 Dodi
79%
LD 18 João Pedro
79%
MEI 11 Miguel Monsalve
79%
VOL 19 Erick Noriega
76%
MEI 65 Riquelme
76%
VOL 33 Leonel Pérez
73%
PD 47 Roger
70%
GOL 24 Thiago Beltrame
67%
ZAG 43 Luis Eduardo
64%
MC 39 Tiaguinho
61%
GOL 31 Gabriel Menegon
52%
Nenhum quiz correspondente encontrado
Distribuição das Pontuações
Porcentagem de Pessoas com Cada Pontuação
Percentil de Números Respondidos
Sua Pontuação Histórica
Você não jogou esse quiz